000 00334nam a2200145Ia 4500
008 221030s9999 xx 000 0 und d
020 _a0070593619
041 _aEnglish
100 _aISRD Group
245 0 _aComputer Organisation
_cby ISRD Group
260 _bTMH
_aNew Delhi
_c2011
300 _a287
650 _aIT
942 _cBK
999 _c15424
_d15424